000 00520nam a2200169Ia 4500
999 _c36039
_d36039
003 OSt
005 20201211100642.0
008 190216s9999||||xx |||||||||||||| ||und||
040 _coclc
082 _a305.6971
_bABE/J
100 _aAbedin, Syed Z
_92442
245 0 _aJournal Institute Of Muslim Minority Affairs /
_cSyed Z Abedin
260 _bInstitute Of Muslim Minority Affairs,
_aUK:
300 _a316p
650 _aIslamic History
942 _cREF
_2ddc
_h305.6971
_iABE/J
_k305.6971
_mABE/J